Rosamund Pike Filmography - Statistics

General Stats
  • This quiz has been taken 23 times
    3 since last reset
  • The average score is 49 of 83
Answer Stats
Type Year Name % Correct
Film 2014 A Long Way Down
100%
Film 2009 An Education
100%
Film 2018 A Private War
100%
TV Film 1998 A Rather English Marriage
100%
Film 2016 A United Kingdom
100%
Film 2002 Die Another Day
100%
Film 2007 Fracture
100%
Film 2014 Gone Girl
100%
Film 2014 Hector and the Search for Happiness
100%
Film 2020 I Care a Lot
100%
Theater 2025 Inter Alia
100%
Film 2011 Johnny English Reborn
100%
Film 2010 Made in Dagenham
100%
Film 2025 National Theatre Live: Inter Alia
100%
Film 2025 Now You See Me: Now You Don't
100%
Film 2005 Pride & Prejudice
100%
Film 2019 Radioactive
100%
Film 2023 Saltburn
100%
Film 2009 Surrogates
100%
Film 2004 The Libertine
100%
Web Series 2021-2025 The Wheel of Time
100%
Music Video 2016 Voodoo in My Blood
100%
Film 2014 What We Did on Our Holiday
100%
Web Series 2019-2020 Archibald's Next Big Thing
50%
Film 2010 Barney's Version
50%
Film 2018 Beirut
50%
TV Documentary 2002 Bond Girls Are Forever
50%
Film 2010 Burning Palms
50%
Film 2005 Doom
50%
Podcast 2021 Edith!
50%
Film 2018 Entebbe
50%
Video Game 2022 Evidence 111
50%
TV Show 2002 Foyle's War
50%
TV Film 2009 Freefall
50%
Film 2007 Fugitive Pieces
50%
Theater 2007 Gaslight
50%
Radio Play 2010 Goldfinger: The Radio Play
50%
Film 2025 Hallow Road
50%
Theater 2010 Hedda Gabler
50%
Theater 2002-2003 Hitchcock Blonde
50%
Film 2017 Hostiles
50%
Film TBA In the Grey
50%
Film 2010 Jackboots on Whitehall
50%
Film 2012 Jack Reacher
50%
Film 2026 Ladies First
50%
TV Mini-Series 2001 Love in a Cold Climate
50%
Theater 2009 Madame de Sade
50%
TV Show 2019-Present Moominvalley
50%
Podcast TBA Mother, Neighbor, Russian Spy
50%
Podcast 2023 People Who Knew Me
50%
Film TBA People Who Knew Me
50%
Film 2004 Promised Land
50%
Film 2015 Return to Sender
50%
TV Show 2019 State of the Union
50%
Theater 2006 Summer and Smoke
50%
Film 2011 The Big Year
50%
Film 2013 The Devil You Know
50%
Short Film 2018 The Human Voice
50%
Film 2019 The Informer
50%
Film 2017 The Man with the Iron Heart
50%
Short Film 2011 The Organ Grinder's Monkey
50%
TV Pilot 2008 The Tower
50%
Documentary Series 2020 The Windsors: A Royal Dynasty
50%
Film 2013 The World's End
50%
TV Show 2020 Thomas & Friends
50%
Web Series TBA Thumblite
50%
TV Show 2015-2020 Thunderbirds Are Go
50%
TV Show 2000 Trial & Retribution
50%
TV Mini-Series 2018 Watership Down
50%
Film 2026 Wife and Dog
50%
TV Mini-Series 1999 Wives and Daughters
50%
TV Mini-Series 2011 Women in Love
50%
Film 2012 Wrath of the Titans
50%
Documentary 2009 Yesterday We Were in America
50%
Web Series 2021 Archibald's Next Big Thing Is Here
0%
TV Show 2014 CBeebies Bedtime Story
0%
TV Show 2015 El hormiguero
0%
Documentary 2012 Everything or Nothing
0%
Short Documentary 2015 Hector and the Search for Happiness: Around the World with Simon Pegg
0%
TV Special 2002 James Bond: A BAFTA Tribute
0%
Radio Play 2003 Love in the Afternoon
0%
Commercial 2021 Marcus by Goldman Sachs
0%
Documentary Series 1999 Omnibus
0%
No matching quizzes found
Score Distribution
Percent of People with Each Score
Percentile by Number Answered
Your Score History
You have not taken this quiz since the last reset